|
|
|
|
| LEADER |
00000cam a2200000 a 4500 |
| 001 |
vtls008333427 |
| 003 |
SK-MaSNL |
| 005 |
20260301141201.0 |
| 008 |
240315s1975 xo da e n 000 0 slo |
| 015 |
|
|
|a SNBA1975/12-03167
|
| 035 |
|
|
|a SK01SNK19750025644
|
| 035 |
|
|
|a SKM000028107
|
| 040 |
|
|
|a SNK
|b slo
|c SNK
|e AACR2
|
| 041 |
0 |
|
|a slo
|
| 044 |
|
|
|a xo
|c SK
|
| 080 |
|
|
|a 691+624.07(075.8)
|2 1981
|
| 080 |
|
|
|a 624.07(075.8)
|2 1981
|
| 100 |
1 |
|
|a Minárik, Imrich
|4 aut
|9 376995
|
| 245 |
1 |
0 |
|a Stavebné hmoty a konštrukcie
|n Časť 2.
|c Imrich Minárik
|
| 260 |
|
|
|a Bratislava
|b Príroda
|c 1975
|
| 300 |
|
|
|a 322, [5] s.
|b grafy, sch., tab.
|c 4°
|
| 366 |
|
|
|e 100 výt.
|
| 500 |
|
|
|a Vyd. VŠP v Nitre
|
| 504 |
|
|
|a Bibliogr. odkazy
|
| 563 |
|
|
|a 100 výtl.
|
| 650 |
0 |
7 |
|a stavebné materiály
|2 SNKPH
|9 31817
|
| 650 |
0 |
7 |
|a stavebné konštrukcie
|2 SNKPH
|9 3695
|
| 655 |
|
7 |
|a učebnice vysokých škôl
|2 SNKPH
|9 70191
|
| 710 |
2 |
|
|a Vysoká škola poľnohospodárska v Nitre
|4 pbl
|9 165743
|
| 958 |
|
|
|a OND
|
| 958 |
|
|
|a TL
|
| 958 |
|
|
|a UV
|
| 958 |
|
|
|a NB
|
| 958 |
|
|
|a RK
|
| 999 |
|
|
|c 766310
|d 768240
|
| 952 |
|
|
|a SNK
|b SNK
|y PREZ
|7 0
|p 17A0924560
|o snkSB 22748/2
|i snkKSP 7267/75
|0 0
|1 0
|4 0
|d 2014-05-22
|f 1
|l 0
|r 2025-03-27 00:00:00
|w 2026-02-24
|